000 00730nam a22002777a 4500
001 BR0809294
003 BR-BrBNA
005 20230928102824.0
007 ta
008 230509b bl.||||| |||| 00| 0 por d
040 _aBR-BrBNA
_bpor
_cBiblioteca Nacional de Agricultura
041 _a(Por)
072 _aC30; U10
090 _ C30 BR0809294
100 1 _aCockburn, A.
245 1 _aEscrevendo casos de uso eficazes
260 3 _aPorto Alegre, RS (Brasil):
_bBookman,
_c2005.
300 _a254 p.
650 _aBASE DE DADOS
650 _aDOCUMENTAÇÃO
650 _aINFORMÁTICA
650 _aTECNOLOGIA DA INFORMAÇÃO
650 _aMODELO MATEMÁTICO
909 _a202309
_bLucia
_c55
_dLucia Elande
942 _cBK
999 _c72583
_d72583